El Fons de l'Electra Industrial - AEG Electric Motors, SA (1910 - 2001) : separata / [autors dels textos: Oleguer Benaiges i Xirinachs ... [et al.]] separata / [autors dels textos:
Descripción Física:
45 p. ; 30 cm
Colección:
Joan Arnella ; 3
Otros Autores:
Benaiges i Xirinachs, Oleguer
MARC
| LEADER | 00000nam a2200000Ia 4500 | ||
|---|---|---|---|
| 001 | 20482 | ||
| 003 | BGR | ||
| 005 | 20260324180059.0 | ||
| 008 | 160829s2008 xx 000 0 cat d | ||
| 080 | |a FU-12-38 | ||
| 245 | |a El Fons de l'Electra Industrial - AEG Electric Motors, SA (1910 - 2001) : |b separata / [autors dels textos: |b Oleguer Benaiges i Xirinachs ... [et al.]] | ||
| 260 | |a Terrassa : |b Ajuntament de Terrassa. Arxiu Municipal, |c 2008 | ||
| 300 | |a 45 p. ; |c 30 cm | ||
| 490 | |a Joan Arnella ; 3 | ||
| 650 | |a Electra Industrial (Terrassa) |9 45729 | ||
| 650 | |a Metalls |x Indústria i comerç |x Terrassa |9 45730 | ||
| 650 | 0 | |a Arxius |x Catàlegs |9 39692 | |
| 700 | |a Benaiges i Xirinachs, Oleguer |9 45731 | ||
| 710 | 1 | |a Terrassa (Catalunya). |b Ajuntament |9 51450 | |
| 710 | 1 | |a Arxiu Municipal de Terrassa |9 70499 | |
| 901 | |a Arxiu | ||
| 942 | |n 1 |2 udc |c MON | ||
| 952 | |0 0 |1 0 |4 0 |6 FU1238 |7 1 |9 52780 |a Arxiu |b Arxiu |d 2016-12-01 |l 0 |o FU-12-38 |p 20482 |r 2016-12-01 00:00:00 |w 2016-12-01 |y ARXIU | ||
| 999 | |c 56629 |d 56629 | ||